1980s Movies A-Z II Quiz Stats

 Plays Quiz Updated Apr 8, 2019

Score 0/25 Timer 06:00
1 Play Today
% Correct
The Breakfast Club
94.8%
Good Morning, Vietnam
92.2%
Dead Poets Society
87.9%
Caddyshack
87.4%
The Shining
87%
Lethal Weapon
86.4%
Who Framed Roger Rabbit?
83.9%
Jaws: The Revenge
77.4%
Risky Business
77.4%
Uncle Buck
77%
Planes, Trains & Automobiles
76.8%
Tootsie
76.7%
The NeverEnding Story
76.2%
% Correct
Arthur
69.7%
Young Guns
66.5%
Fast Times at Ridgemont High
64.8%
Hoosiers
64.5%
Escape from New York
61.9%
Major League
55.9%
Oliver & Company
50.8%
Kiss of the Spider Woman
36.6%
Innerspace
31.1%
Quicksilver
23.8%
Zelig
16.8%
Vampire's Kiss
11.9%

You're not logged in!

Compare scores with friends on all Sporcle quizzes.
OR
Log In

Sporcle TV

Today on Sporcle TV


Watch our educational content, quiz creation guides, and fun videos on Sporcle TV.

Show Comments

Extras

Top Quizzes Today


Score Distribution

Your Account Isn't Verified!

In order to create a playlist on Sporcle, you need to verify the email address you used during registration. Go to your Sporcle Settings to finish the process.

Report this User

Report this user for behavior that violates our Community Guidelines.

Details: